| 000 | 00422cam a2200169ua 4500 | ||
|---|---|---|---|
| 020 | _c6.00 | ||
| 041 |
_aeng _h |
||
| 082 |
_a512 _bFUL/IN |
||
| 100 | _aFuller, Gordon . | ||
| 245 |
_aIntermediate algebra for colleges / _cGordon Fuller. _hTextual Documents |
||
| 260 |
_aNew Delhi : _bEast West Private Ltd , _c1965. |
||
| 300 | _a258 ; . | ||
| 365 | _a6.00 | ||
| 504 | _a | ||
| 942 | _cBK | ||
| 999 |
_c9405 _d9405 |
||